<?xml version="1.0" encoding="UTF-8"?><?xml-stylesheet type="text/xsl" href="static/style.xsl"?><OAI-PMH xmlns="http://www.openarchives.org/OAI/2.0/" xmlns:xsi="http://www.w3.org/2001/XMLSchema-instance" xsi:schemaLocation="http://www.openarchives.org/OAI/2.0/ http://www.openarchives.org/OAI/2.0/OAI-PMH.xsd"><responseDate>2026-06-06T03:54:26Z</responseDate><request verb="GetRecord" identifier="oai:riuma.uma.es:10630/29549" metadataPrefix="marc">https://riuma.uma.es/rest/oai/request</request><GetRecord><record><header><identifier>oai:riuma.uma.es:10630/29549</identifier><datestamp>2026-02-03T11:09:35Z</datestamp><setSpec>com_10630_2254</setSpec><setSpec>col_10630_37953</setSpec></header><metadata><record xmlns="http://www.loc.gov/MARC21/slim" xmlns:dcterms="http://purl.org/dc/terms/" xmlns:doc="http://www.lyncode.com/xoai" xmlns:xsi="http://www.w3.org/2001/XMLSchema-instance" xsi:schemaLocation="http://www.loc.gov/MARC21/slim http://www.loc.gov/standards/marcxml/schema/MARC21slim.xsd">
   <leader>00925njm 22002777a 4500</leader>
   <datafield ind2=" " ind1=" " tag="042">
      <subfield code="a">dc</subfield>
   </datafield>
   <datafield ind2=" " ind1=" " tag="720">
      <subfield code="a">Ortego-Rico, Pablo</subfield>
      <subfield code="e">author</subfield>
   </datafield>
   <datafield ind2=" " ind1=" " tag="260">
      <subfield code="c">2015</subfield>
   </datafield>
   <datafield ind2=" " ind1=" " tag="520">
      <subfield code="a">Estudio de los conflictos desarrollados en las aljamas mudéjares castellanas durante el siglo XV, con especial énfasis en el análisis de las disputas asociadas a la presencia de grupos privilegiados integrados en redes clientelares que trascendían el marco de la comunidad musulmana local. Para este propósito hemos considerado dos casos de estudio representativos. Por un lado, el análisis del conflicto sostenido entre la aljama de Trujillo y la familia Plaza permite profundizar en el conocimiento de las formas de exclusión desarrolladas por la comunidad musulmana contra grupos privilegiados integrados en facciones urbanas. Por otro, se han estudiado las disputas desarrolladas en el seno de la comunidad mudéjar de Guadalajara entre los miembros privilegiados de la clientela del linaje Mendoza y la aljama, y su relación con los conflictos entre facciones mudéjares sostenidos a fines del siglo XV.</subfield>
   </datafield>
   <datafield ind1="8" ind2=" " tag="024">
      <subfield code="a">Ortego-Rico, Pablo. Elites y conflictividad en el seno de las aljamas mudéjares castellanas a fines de la Edad Media: exención tributaria y redes clientelares”, Hispania: Revista Española de Historia, Vol. LXXV, nº 250 (2015), pp. 505-536. Texto on line en http://hispania.revistas.csic.es/index.php/hispania/article/viewFile/463/459</subfield>
   </datafield>
   <datafield ind1="8" ind2=" " tag="024">
      <subfield code="a">https://hdl.handle.net/10630/29549</subfield>
   </datafield>
   <datafield ind1="8" ind2=" " tag="024">
      <subfield code="a">https://doi.org/10.3989/hispania.2015.016</subfield>
   </datafield>
   <datafield tag="653" ind2=" " ind1=" ">
      <subfield code="a">Mudéjares - Situación económicas - España - S. XV</subfield>
   </datafield>
   <datafield ind2="0" ind1="0" tag="245">
      <subfield code="a">Elites y conflictividad en el seno de las aljamas mudéjares castellanas a fines de la Edad Media: exención tributaria y redes clientelares</subfield>
   </datafield>
</record>
</metadata></record></GetRecord></OAI-PMH>